000 01046nam a2200313 4500
001 0000019553
003 CO-CtgCURN
005 20250331183914.0
007 ta
008 160627s2002 000 0 eng d
020 _a9582813458
040 _aCO-CtgCURN
_bspa
_ccoctgcurn
082 0 _a154.7
_bR175h
100 1 _aRamos Gascon, Carlos.
245 1 0 _aHipnosis y Psicoterapia /
_cCarlos Ramos, Gascon.
260 _aBogotá :
_bCirculo de Lectores,
_c2002.
300 _a143 p.
336 _2rdacontent
337 _2rdamedia
_asin mediacion
_bn
338 _2rdacarrier
_avolumen
_bnc
500 _aIncluye indice.
504 _aBibliografia (p.135)
505 8 _aPor que la hipnosis.--Diversos tipos de hipnosis.--Metodos de inducción hipnotica--Tecnicas de profundizacion.--La hipnosis en psicoterapia
650 1 4 _aHipnosis.
908 _a160627
942 _cBK
_h154.7
_iR175h
_2ddc
999 _c17116
_d17116